000 004480000a22001330004500
090 _aAS
_bSeriadas
245 1 0 _aMercado de la conservación
_smarco conceptual para el diseño de incentivos a la conservación de la biodiversidad
041 0 _aEspañol
700 1 _aCárdenas, Juan Camilo
_92215
700 1 _aBaptiste, Luis Guillermo
_975191
100 1 _aHernández Pérez, Sarah
_92040
942 _cARTICULO
773 1 _tBiosintesis
_h14
_q1-4
_d1999
999 _c15927
_d15927